| 000 | 00485 a2200181 4500 | ||
|---|---|---|---|
| 005 | 20260421114549.0 | ||
| 008 | 260421b |||||||| |||| 00| 0 eng d | ||
| 020 |
_a9789350301562 _cRs. 1995.00 |
||
| 040 | _aMAIN | ||
| 082 |
_a300.72 _bK849R |
||
| 100 | _aKothari, S R | ||
| 245 | _aResearch methodology: Methods and techniques | ||
| 260 |
_bOxford Book Company _c2023 _aJaipur |
||
| 300 | _avi, 304 | ||
| 650 | _aSocial Sciences | ||
| 650 | _aResearch Methodology | ||
| 942 | _cBK | ||
| 999 |
_c394485 _d394485 |
||